书目信息 |
| 题名: |
知识经济时代图书馆的发展趋向
|
|
| 作者: | ;中国图书馆学会 编 | |
| 分册: | ||
| 出版信息: | 北京 北京图书馆出版社 2002.07 |
|
| 页数: | 218页 | |
| 开本: | 26cm | |
| 丛书名: | ||
| 单 册: | ||
| 中图分类: | G250-53 | |
| 科图分类: | ||
| 主题词: | 图书馆学 , 图书馆事业 | |
| 电子资源: | ||
| ISBN: | 7-5013-1935-9 | |
| 000 | 00663nam0 2200205 45 | |
| 001 | 0355809216 | |
| 005 | 2003111115300921 | |
| 010 | @a7-5013-1935-9@b压膜@dCNY 30.00 | |
| 100 | @a20031111d2002 km y0chiy0120 ea | |
| 101 | 0 | @achi |
| 102 | @aCN@b110000 | |
| 200 | 1 | @a知识经济时代图书馆的发展趋向@Azhi shi jing ji shi dai tu shu guan de fa zhan qu xiang@f中国图书馆学会编@Fzhong guo tu shu guan xue hui bian |
| 210 | @a北京@c北京图书馆出版社@d2002.07 | |
| 215 | @a218页@d26cm | |
| 606 | 0 | @a图书馆学 |
| 606 | 0 | @a图书馆事业 |
| 690 | @aG250-53 | |
| 711 | 0 | @a中国图书馆学会@Azhong guo tu shu guan xue hui@4编 |
| 801 | 0 | @aCN@bPFT@c20031111 |
| 905 | @dG250-53@eZ654 | |
| 知识经济时代图书馆的发展趋向/中国图书馆学会编.-北京:北京图书馆出版社,2002.07 |
| 218页;26cm |
| ISBN 7-5013-1935-9(压膜):CNY 30.00 |
| ● |
| 相关链接 |
|
|
|
正题名:知识经济时代图书馆的发展趋向
索取号:G250-53/Z654
 
预约/预借
| 序号 | 登录号 | 条形码 | 馆藏地/架位号 | 状态 | 备注 |
| 1 | 372699 | 203726995 | 社科库409/ [索取号:G250-53/Z654] | 在馆 | |
| 2 | 372700 | 203727002 | 社科库409/409社科库 59排1列2层/ [索取号:G250-53/Z654] | 在馆 |